| 000 | 00893nam a2200229 i 4500 | ||
|---|---|---|---|
| 001 | 97210 | ||
| 003 | ES-MaACL | ||
| 005 | 20250818174351.0 | ||
| 007 | t| | ||
| 008 | 050708m19121913sp ||||1| spa d | ||
| 080 | _a821.134.2-92"18" | ||
| 100 | 1 |
_aMaragall, Joan, _d1860-1911 _9152432 |
|
| 245 | 1 | 0 |
_aArtÃculos / _cJoan Maragall ; prólogo de Miguel S. Oliver. |
| 260 |
_aBarcelona : _bGuinar y Pujolar, _c1912-1913. |
||
| 300 |
_a5 v. ; _c20 cm. |
||
| 490 | 1 | _aObras completas de Juan Maragall. Serie castellana | |
| 505 | 8 | _aContiene:1. 1892 a 1895 (XXXII, 286 p.) -- 2. 1895 a 1899 (324 p.) -- 3. 1899 a 1902 (320 p.) -- 4. 1902 a 1906 (338 p.) -- 5. 1906 a 1911 (348 p.) | |
| 700 | 1 |
_aOliver, Miquel dels Sants, _d1864-1920 _986825 |
|
| 830 | 0 |
_aObras completas de Juan Maragall. Serie castellana _9191559 |
|
| 852 |
_aES-MaACL _jF-1915-19 |
||
| 999 |
_c97210 _d97210 |
||